000 00738nam a2200217Ia 4500
005 20241216010259.0
008 180423s9999||||xx |||||||||||||| ||und||
082 _a910
_bM26
100 _aMARRERO, LEVI
245 0 _aLA TIERRA Y SUS RECURSOS
250 _a16
260 _aMADRID-ESPAÑA
_bMEDITERRANEO
_c1971
300 _a395 pag.
_c25 cm
341 _h0
490 _v0
_a0
505 _aCONCEPTO DE GEOGRAFIA/UNIVERSO/SISTEMA SOLAR/TIERRA EN EL ESPACIO/EVOLUCION DE LA TIERRA/DETERMINACION DE POSICIONES EN LA TIERRA/MEDICION DEL TIEMPO/REPRESENTACIONES GEOGRAFICAS/ATMOSFERA/MOVIMIENTOS DE LA ATMOSFERA/CIR
541 _aC
_d22-Nov-93
650 _aHISTORIA, GEOGRAFIA, BIOGRAFIAS
856 _zHumanidades
942 _cLIBRO
999 _c10281
_d10281